000 00480nam a2200181 a 4500
001 2606
003 CO-ViMGA
008 141112s2004 ck r 000 u spa d
040 _aCO-ViMGA
_bspa
_cCO-ViMGA
082 0 4 _a630.209861 P377
100 1 _aPerry, Santiago
_951600
245 1 0 _aLa crisis agraria en Colombia 1950 - 1980
250 _a2a
260 _aBogotá :
_bAncora,
_c1983
300 _a202 p
650 1 4 _aAGRICULTURA COLOMBIANA - HISTORIA
_951601
942 _2ddc
_cBK
999 _c14681
_d14681